000 00909nam a22001937a 4500
005 20250828190004.0
008 240829b ||||| |||| 00| 0 eng d
082 _aDPer 647.95 J826 January-December 2019 v. 22 n. 1-6
100 _aJeong, EunHa.
_eauthor.
_959349
245 _aFactors for non-jewish consumers' kosher food choice :
_ban investigation of the food quality perception /
_cEunHa Jeing, Qian Yang, SoJung Less, and Robert Bosselman.
260 _aPhiladelphia ;
_bTaylor & Francis Group ,
_cNovember-December 2019.
300 _aVolume 22, pages 529-548 :
_billustration ;
_c26 cm.
500 _aJournal of Foodservice Business Research, vol. 22, no. 6, pages 529-548, November-December 2019.
700 _aJeong, EunHa.
_eauthor.
_949483
700 _aYang, Qian.
_eauthor.
_959350
700 _aLess, SoJung.
_eauthor.
_959351
700 _aBosselman, Robert.
_eauthor.
_959352
942 _2ddc
_cPER
999 _c21025
_d21025